000 00496nam a2200157 i 4500
001 60247
003 ES-MaACL
005 20230906164205.0
007 t|
008 031104s1966 sp ||||1| spa d
100 1 _aEspaña Cantos, Joaquín.
_947758
245 1 0 _aReglamento de pesca marítima de recreo de superficie y submarina /
_ccomentado y concordado por Joaquín España Cantos.
260 _a[Madrid :
_bs.n.,
_c1966]
300 _a54 p. ;
_c22 cm.
852 _aES-MaACL
_jC-29989
_bR.60315
999 _c60247
_d60247